• 首页
  • 本馆介绍
  • 公告通知
  • 最新文献
  • 馆藏检索
  • 电子资源
  • 读者导购
  • 参考咨询
  • 我的图书馆
  • 登录
  • 详细信息显示
  • 放入我的书架
  • 预约/预借图书
  • 作者相关作品
  • 分类相关作品
  • 丛书相关作品
  • 出版社相关作品

书目信息

  • 表格格式
  • 工作单格式
  • 卡片格式
题名:
智慧社会环境下个人信息的刑法保护
    
 
作者: 皮勇, , 王肃之, 著
分册:  
出版信息: 北京   人民出版社  2018
页数: 296页
开本: 24cm
丛书名: 智慧社会法治研究丛书
单 册:
中图分类: D924.344
科图分类:
主题词: 隐私权--yin si quan--刑法--保护--研究--中国
电子资源:
ISBN: 978-7-01-019792-0
000 01845cam 2200289 450
001 012001007875
005 20131021153216.0
010    @a978-7-01-019792-0@dCNY68.00
099    @aCAL 012018195489
100    @a20181220d2018 em y0chiy50 ea
101 0  @achi
102    @aCN@b110000
105    @aak a 000yy
106    @ar
200 1  @a智慧社会环境下个人信息的刑法保护@Azhi hui she hui huan jing xia ge ren xin xi de xing fa bao hu@f皮勇, 王肃之著
210    @a北京@c人民出版社@d2018
215    @a296页@c图@d24cm
225 2  @a智慧社会法治研究丛书@Azhi hui she hui fa zhi yan jiu cong shu
320    @a有书目 (第284-296页)
330    @a全书共分六章。第一章分析了大数据环境下个人信息面临的威胁以及各国立法的保护现状,探讨了我国打击侵犯个人信息犯罪的刑法立法现状。第二章研究刑法中的个人信息。个人信息的范围,是研究个人信息刑法保护的基础,也是划定侵犯个人信息犯罪范围的关键要素。该章不仅分析不同部门法对个人信息的规定,也研究了如何结合实践予以分析认定。第三章分析了大数据环境下侵犯个人信息犯罪的法益。这是理论界争论的焦点问题,也是确定侵犯个人信息犯罪的性质的关键。本章以比较法的视角,结合刑法条文对个人信息的法益性质、类型进行深入探讨。第四章研究了大数据环境下侵犯个人信息的危害行为。不仅研究了刑法规定的非法获取、非法利用行为,还对侵犯个人信息犯罪的行为构造进行了创新、务实研究,提出了非法利用行为入罪的必要性。第五章研究了侵犯个人信息犯罪相关刑法规定和司法解释的发展历程,分析其不足之处,对司法适用中的疑难问题进行了深入研究,对部分问题提出了司法对策。第六章基于前文的研究,对大数据环境下我国保护个人信息的刑法立法提出了完善建议并进行论证。
410  0 @12001 @a智慧社会法治研究丛书
606 0  @a隐私权@Ayin si quan@x刑法@x保护@x研究@y中国
690    @aD924.344@v5
701  0 @a皮勇,@Api yong@f1974-@4著
701  0 @a王肃之,@Awang su zhi@f1990-@4著
801  0 @aCN@b上海新华@c20191020
905    @b1180336-7@dD924.344@e949@f2
    
    智慧社会环境下个人信息的刑法保护/皮勇, 王肃之著.-北京:人民出版社,2018
    296页:图;24cm.-(智慧社会法治研究丛书)
    
    
    ISBN 978-7-01-019792-0:CNY68.00
    全书共分六章。第一章分析了大数据环境下个人信息面临的威胁以及各国立法的保护现状,探讨了我国打击侵犯个人信息犯罪的刑法立法现状。第二章研究刑法中的个人信息。个人信息的范围,是研究个人信息刑法保护的基础,也是划定侵犯个人信息犯罪范围的关键要素。该章不仅分析不同部门法对个人信息的规定,也研究了如何结合实践予以分析认定。第三章分析了大数据环境下侵犯个人信息犯罪的法益。这是理论界争论的焦点问题,也是确定侵犯个人信息犯罪的性质的关键。本章以比较法的视角,结合刑法条文对个人信息的法益性质、类型进行深入探讨。第四章研究了大数据环境下侵犯个人信息的危害行为。不仅研究了刑法规定的非法获取、非法利用行为,还对侵犯个人信息犯罪的行为构造进行了创新、务实研究,提出了非法利用行为入罪的必要性。第五章研究了侵犯个人信息犯罪相关刑法规定和司法解释的发展历程,分析其不足之处,对司法适用中的疑难问题进行了深入研究,对部分问题提出了司法对策。第六章基于前文的研究,对大数据环境下我国保护个人信息的刑法立法提出了完善建议并进行论证。
●
相关链接 在E读中查询图书 在五车中查询图书 在当当中查询图书 在豆瓣中查询图书


正题名:智慧社会环境下个人信息的刑法保护     索取号:D924.344/949         预约/预借

序号 登录号 条形码 馆藏地/架位号 状态 备注
1 1180336   211803360   第一样本阅览室/ [索取号:D924.344/949] 在馆    
2 1180337   211803379   第一借阅区/ [索取号:D924.344/949] 在馆    
唐山师范学院图书馆 欢迎您!
大连网信软件有限公司© 版权所有